Relativpronomina - Statistiken

Allgemein
  • Dieses Quiz wurde 20 mal gespielt
  • Das Durchschnittsergebnis liegt bei 24 aus 30
Antwortstatistiken
Hint Antwort % Korrekt
Nom. Sg. f quae
100%
Nom. qui
100%
Nom. Sg. n quod
100%
Akk. Sg. n quod
100%
Dat. cui
92%
Dat. Sg. f cui
92%
Dat. Sg. n cui
92%
Gen. cuius
92%
Gen. Sg. f cuius
92%
Gen. Sg. n cuius
92%
Abl. Sg. f qua
85%
Nom. Pl. f quae
85%
Akk. Sg. f quam
85%
Akk. quem
85%
Nom. Pl. m qui
85%
Abl. quo
85%
Abl. Sg. n quo
85%
Nom. Pl. n quae
77%
Gen. Pl. f quarum
77%
Gen. Pl. m quorum
77%
Gen. Pl. n quorum
77%
Akk. Pl. n quae
69%
Akk. Pl. f quas
69%
Akk. Pl. m quos
69%
Dat. Pl. m quibus
62%
Abl. Pl. m quibus
62%
Dat. Pl. f quibus
62%
Abl. Pl. f quibus
62%
Dat. Pl. n quibus
62%
Abl. Pl. n quibus
62%
Keine übereinstimmenden Quizze gefunden
Verteilung der Resultate
Anzahl Personen mit jedem Resultat
Perzentil nach korrekt beantworteten Fragen
Ihre Resultats-Entwicklung
Sie haben dieses Quiz noch nicht gespielt